=LDR 00000nam 2200000 4500 =001 INLIS000000000020748 =005 20201117080840 =035 ##$$a 0010-061300000020748 =008 201117################g##########0#ind## =041 ##$$a Eng =082 ##$$a 327 =090 ##$$a 327, Sin b =100 1#$$a Singh, Bilveer =245 1#$$a Bear and garuda : $b soviet-Indonesian relations from lenin to gorbachev /$c oleh Bilveer Singh =260 ##$$a Yogyakarta :$b UGM Press,$c 1994 =300 ##$$a xv, 361 hlm. ; $c 14,5x21 cm. =650 #4$$a Hubungan internasional =850 ##$$a NBPNMAT =020 ##$$a 979-420-322-X =084 ##$$a 327 SIN b =504 ##$$a Bibliografi : hlm. 329 - 355 =520 ##$$a Indeks : hlm. 357 -361 =990 ##$$a 20614186 =990 ##$$a 40600683 =990 ##$$a 40600682 =990 ##$$a 20614184 =990 ##$$a 40600681 =990 ##$$a 20614185